00477nam a2200157Ia 4500003000400000005001700004008004100021040001800062041000800080082001600088100005600104245010900160260002600269600001200295650001200307OSt20260325115810.0211028s2007 xx 000 0 und d cAIMIT LIBRARY aeng a658.15 CORJ aCorrea, Jasmine Jennifer;Rohith, Babitha.g50971343 aA study on the perfomance evaluation of select Indian mutual fund schemes with reference to debt funds / bRohith, Babithac2007 aFinance aFinance